| 000 | 00000nam##2200000za#4500 |
| 001 | 9.572385 |
| 003 | CaOODSP |
| 005 | 20210929082754 |
| 007 | cr ||||||||||| |
| 008 | 150406|2002||||xxc|||||o f|0| 0 eng|d |
| 040 | |aCaOODSP|beng |
| 043 | |an-cn--- |
| 086 | 1 |aFo29-47/29-2002E-PDF |
| 110 | 1 |aCanada. |bNatural Resources Canada. |bCanadian Forest Service. |
| 245 | 10|aEffects of silvicultural systems and vegetation control on tree growth in a coastal montane ecosystem : |h[electronic resource]|bseven year results / |c[by] John P. Senyk. |
| 260 | |aVictoria - British Columbia : |bNatural Resources Canada. |cJanuary 2002. |
| 300 | |a4p.|bgraph, tables, photographs |
| 490 | 1 |aTechnology transfer note|vNo. 29 |
| 500 | |aThe catalogue number (Fo29-47/29-2002E) and ISBN (0-662-31475-1) for the print edition have been incorrectly copied in this electronic publication. |
| 504 | |aBibliography. |
| 590 | |a11-30-Supp|b2011-12-02 |
| 690 | 07|aForest management|2gcpds |
| 690 | 07|aEcosystems|2gcpds |
| 690 | 07|aCoastlands|2gcpds |
| 720 | 1 |aSenyk, John P. |
| 776 | 0#|tEffects of silvicultural systems and vegetation control on tree growth in a coastal montane ecosystem : |w(CaOODSP)9.615849 |
| 830 | #0|aTechnology transfer note ;|vNo. 29|w(CaOODSP)9.504768 |
| 856 | 40|ahttp://publications.gc.ca|qPDF|s558 KB|uhttps://publications.gc.ca/collections/Collection/FO29-47-29-2002E.pdf|yNo. 29 |